<?xml version="1.0" encoding="UTF-8"?>
<record
    xmlns:xsi="http://www.w3.org/2001/XMLSchema-instance"
    xsi:schemaLocation="http://www.loc.gov/MARC21/slim http://www.loc.gov/standards/marcxml/schema/MARC21slim.xsd"
    xmlns="http://www.loc.gov/MARC21/slim">

  <leader>01156nam a2200301Ia 4500</leader>
  <controlfield tag="005">20220623150400.0</controlfield>
  <controlfield tag="008">210716s2008    xx            000 0 und d</controlfield>
  <datafield tag="020" ind1=" " ind2=" ">
    <subfield code="a">849313856</subfield>
  </datafield>
  <datafield tag="040" ind1=" " ind2=" ">
    <subfield code="c">AIMIT LIBRARY</subfield>
  </datafield>
  <datafield tag="041" ind1=" " ind2=" ">
    <subfield code="a">eng</subfield>
  </datafield>
  <datafield tag="082" ind1=" " ind2=" ">
    <subfield code="a">006.3 </subfield>
    <subfield code="2">1</subfield>
    <subfield code="b">KONA</subfield>
  </datafield>
  <datafield tag="100" ind1=" " ind2=" ">
    <subfield code="a">Konar, Amit.</subfield>
    <subfield code="9">44747</subfield>
  </datafield>
  <datafield tag="245" ind1=" " ind2=" ">
    <subfield code="a">Artificial intelligence and soft computing : </subfield>
    <subfield code="b">Behavioral and cognitive modeling of the human brain /</subfield>
    <subfield code="c">By Amit Konar.</subfield>
  </datafield>
  <datafield tag="250" ind1=" " ind2=" ">
    <subfield code="a">1st ed.</subfield>
    <subfield code="b">Special Indian Edition</subfield>
  </datafield>
  <datafield tag="260" ind1=" " ind2=" ">
    <subfield code="a">New York :</subfield>
    <subfield code="b">CRC Press LLC</subfield>
    <subfield code="c">2008.</subfield>
  </datafield>
  <datafield tag="300" ind1=" " ind2=" ">
    <subfield code="a">786Pp. ;</subfield>
    <subfield code="b">PB ;</subfield>
    <subfield code="c">22.8 cm.</subfield>
  </datafield>
  <datafield tag="650" ind1=" " ind2=" ">
    <subfield code="a">Artifical Intelligence</subfield>
    <subfield code="9">44748</subfield>
  </datafield>
  <datafield tag="650" ind1=" " ind2=" ">
    <subfield code="a">The Psychological Perspective of Cognition</subfield>
    <subfield code="9">44749</subfield>
  </datafield>
  <datafield tag="650" ind1=" " ind2=" ">
    <subfield code="a">Production Systems</subfield>
    <subfield code="9">44750</subfield>
  </datafield>
  <datafield tag="650" ind1=" " ind2=" ">
    <subfield code="a">Problem solving by Intelligent Search</subfield>
    <subfield code="9">44751</subfield>
  </datafield>
  <datafield tag="650" ind1=" " ind2=" ">
    <subfield code="a">The logic of propositions and predicates</subfield>
    <subfield code="9">44752</subfield>
  </datafield>
  <datafield tag="650" ind1=" " ind2=" ">
    <subfield code="a">Principles of Logic programming</subfield>
    <subfield code="9">44753</subfield>
  </datafield>
  <datafield tag="650" ind1=" " ind2=" ">
    <subfield code="a">Default and Non-Monotonic Reasoning</subfield>
    <subfield code="9">44754</subfield>
  </datafield>
  <datafield tag="650" ind1=" " ind2=" ">
    <subfield code="a">Structured approach to knowledge representation </subfield>
    <subfield code="9">44755</subfield>
  </datafield>
  <datafield tag="650" ind1=" " ind2=" ">
    <subfield code="a">Intelligent Planning</subfield>
    <subfield code="9">44756</subfield>
  </datafield>
  <datafield tag="650" ind1=" " ind2=" ">
    <subfield code="a">Machine Learning Techniques</subfield>
    <subfield code="9">44757</subfield>
  </datafield>
  <datafield tag="942" ind1=" " ind2=" ">
    <subfield code="2">ddc</subfield>
    <subfield code="c">BK</subfield>
    <subfield code="e">1st</subfield>
    <subfield code="k">006.3 KONA</subfield>
  </datafield>
  <datafield tag="999" ind1=" " ind2=" ">
    <subfield code="c">190289</subfield>
    <subfield code="d">190289</subfield>
  </datafield>
  <datafield tag="952" ind1=" " ind2=" ">
    <subfield code="0">0</subfield>
    <subfield code="1">0</subfield>
    <subfield code="2">ddc</subfield>
    <subfield code="4">0</subfield>
    <subfield code="7">0</subfield>
    <subfield code="8">MCA</subfield>
    <subfield code="a">AIMIT</subfield>
    <subfield code="b">AIMIT</subfield>
    <subfield code="e">Athulya Books</subfield>
    <subfield code="g">695.00</subfield>
    <subfield code="i">Bill no:ABK 505; Bill dt:2008-12</subfield>
    <subfield code="l">0</subfield>
    <subfield code="o">006.3 KONA</subfield>
    <subfield code="p">MCA08677</subfield>
    <subfield code="r">2025-07-21 00:00:00</subfield>
    <subfield code="v">542.10</subfield>
    <subfield code="w">2021-07-16</subfield>
    <subfield code="y">BK</subfield>
  </datafield>
  <datafield tag="952" ind1=" " ind2=" ">
    <subfield code="0">0</subfield>
    <subfield code="1">0</subfield>
    <subfield code="2">ddc</subfield>
    <subfield code="4">0</subfield>
    <subfield code="7">3</subfield>
    <subfield code="8">MCA</subfield>
    <subfield code="a">AIMIT</subfield>
    <subfield code="b">AIMIT</subfield>
    <subfield code="e">Athulya Books</subfield>
    <subfield code="g">695.00</subfield>
    <subfield code="i">Bill no:ABK 472; Bill dt:2010-01</subfield>
    <subfield code="l">0</subfield>
    <subfield code="o">006.3 KONA</subfield>
    <subfield code="p">MCA09467</subfield>
    <subfield code="r">2025-07-21 00:00:00</subfield>
    <subfield code="v">521.25</subfield>
    <subfield code="w">2021-07-16</subfield>
    <subfield code="y">BK</subfield>
  </datafield>
  <datafield tag="952" ind1=" " ind2=" ">
    <subfield code="0">0</subfield>
    <subfield code="1">0</subfield>
    <subfield code="2">ddc</subfield>
    <subfield code="4">0</subfield>
    <subfield code="7">0</subfield>
    <subfield code="8">MCA</subfield>
    <subfield code="a">AIMIT</subfield>
    <subfield code="b">AIMIT</subfield>
    <subfield code="e">Knowledge World</subfield>
    <subfield code="g">695.00</subfield>
    <subfield code="i"> Bill dt:2010-07-29</subfield>
    <subfield code="l">0</subfield>
    <subfield code="o">006.3 KONA</subfield>
    <subfield code="p">MCA09796</subfield>
    <subfield code="r">2025-07-21 00:00:00</subfield>
    <subfield code="v">521.25</subfield>
    <subfield code="w">2021-07-16</subfield>
    <subfield code="y">BK</subfield>
  </datafield>
  <datafield tag="952" ind1=" " ind2=" ">
    <subfield code="0">0</subfield>
    <subfield code="1">0</subfield>
    <subfield code="2">ddc</subfield>
    <subfield code="4">0</subfield>
    <subfield code="7">0</subfield>
    <subfield code="8">MCA</subfield>
    <subfield code="a">AIMIT</subfield>
    <subfield code="b">AIMIT</subfield>
    <subfield code="e">Current Books</subfield>
    <subfield code="g">695.00</subfield>
    <subfield code="i">Bill no:27; Bill dt:2010-04-30</subfield>
    <subfield code="l">0</subfield>
    <subfield code="o">006.3 KONA</subfield>
    <subfield code="p">MCA09797</subfield>
    <subfield code="r">2025-07-21 00:00:00</subfield>
    <subfield code="v">500.40</subfield>
    <subfield code="w">2021-07-16</subfield>
    <subfield code="y">BK</subfield>
  </datafield>
</record>
